Bankovní podvody

Súčasná situácia v oblasti bankových podvodov. Charakteristika finančných podvodníkov a ich nástrojov. Hlavné typy bankových podvodov - podvodné techniky. Prevencia podvodov.

Enregistré dans:
Détails bibliographiques
Auteur principal: Žehra, F.
Autres auteurs: Sloupecký, A.
Format: Chapitre de livre
Langue:tchèque
Sujets:
Tags: Ajouter un tag
Pas de tags, Soyez le premier à ajouter un tag!

MARC

LEADER 00000naa a2200000 4500
001 r028004
005 20230908085845.3
041 0 |a cze 
044 |a CZ 
245 1 0 |a Bankovní podvody  |c F. Žehra, A. Sloupecký 
520 |a Súčasná situácia v oblasti bankových podvodov. Charakteristika finančných podvodníkov a ich nástrojov. Hlavné typy bankových podvodov - podvodné techniky. Prevencia podvodov. 
610 2 0 |a podvody bankové 
610 2 0 |a pojmy 
610 2 0 |a banky 
610 2 0 |a firmy 
610 2 0 |a šeky 
610 2 0 |a zmenky 
610 2 0 |a úver bankový 
610 2 0 |a papiere cenné 
610 2 0 |a projekty 
610 2 0 |a arbitráž 
100 1 |a Žehra, F. 
700 1 |a Sloupecký, A.